00561nam a2200181Ia 4500003000900000008004100009040001600050080001500066100002400081245005400105260003800159300001400197650003400211650002400245942000700269999001300276952009000289IN-BaIIA211028s9999 xx 000 0 eng d cIIA Library a92:52bNEW aNewcomb, Simon9920 4aThe reminiscences of an astronomercSimon Newcomb aLondonbHarper and Brothersc1903 aix, 424p. aBiography-Simon Newcomb91126 aReminiscences91127 cBK c488d488 00104070aBANbKODcGENd0000-00-00l0o92:52/ NEWp506r2021-11-05w0000-00-00yBK